[Event "Women European Team Championship 2015"]
[Site "Reykjavik ISL"]
[Date "2015.11.17"]
[Round "5"]
[White "Socko, Monika"]
[Black "Dzagnidze, Nana"]
[Result "0-1"]
[WhiteElo "2445"]
[BlackElo "2566"]
[PlyCount "66"]
[EventDate "2015.11.13"]
[WhiteTeam "Poland"]
[BlackTeam "Georgia"]

1. e4 c5 2. Nf3 a6 3. c4 Nc6 4. d4 cxd4 5. Nxd4 e5 6. Nb3 Nf6 7. Nc3 Bb4 8. Bd3
d6 9. O-O Bxc3 10. bxc3 O-O 11. c5 Be6 12. cxd6 Qxd6 13. Be3 Rfd8 14. Bc2 Qc7
15. Qf3 Nd7 16. Rfd1 Na5 17. Nxa5 Qxa5 18. Bg5 f6 19. Bb3 Nc5 20. Bd2 Bxb3 21.
axb3 Qb5 22. Be3 Nxb3 23. Rab1 Qc4 24. Rd5 Qxc3 25. Qd1 Nd4 26. Bxd4 exd4 27.
Rxb7 Rxd5 28. exd5 Re8 29. Rb1 d3 30. g3 d2 31. Qa4 Re1+ 32. Kg2 Qe5 33. Qa2
Qe4+ 0-1

[Event "Women European Team Championship 2015"]
[Site "Reykjavik ISL"]
[Date "2015.11.19"]
[Round "6"]
[White "Zhukova, Natalia"]
[Black "Gunina, Valentina"]
[Result "1-0"]
[WhiteElo "2480"]
[BlackElo "2516"]
[PlyCount "95"]
[EventDate "2015.11.13"]
[WhiteTeam "Ukraine"]
[BlackTeam "Russia"]

1. d4 Nf6 2. Nf3 e6 3. e3 b6 4. Bd3 Bb7 5. O-O c5 6. c4 Be7 7. Nc3 O-O 8. d5
exd5 9. cxd5 d6 10. e4 a6 11. a4 Nbd7 12. h3 Re8 13. Bf4 Nf8 14. Nd2 Ng6 15.
Bh2 Nd7 16. f4 Bf6 17. Kh1 Bd4 18. Nc4 Nf6 19. Qb3 Bxc3 20. bxc3 Nxe4 21. f5
Bxd5 22. fxg6 hxg6 23. Qb2 Qh4 24. Bxe4 Rxe4 25. Nxb6 Rb8 26. Qd2 Bc6 27. a5
Rbe8 28. Qxd6 R8e6 29. Qb8+ Kh7 30. Qg3 Qh5 31. c4 g5 32. Rae1 f5 33. Nd5 f4
34. Qd3 Qg6 35. Rxe4 Rxe4 36. Bg1 Bd7 37. Nc3 Bf5 38. Nxe4 Bxe4 39. Qc3 Qc6 40.
Rf2 Qh6 41. Re2 Bf5 42. Qe5 Qg6 43. Bxc5 g4 44. Bd4 gxh3 45. gxh3 Bxh3 46. Rh2
Qc6+ 47. Qd5 Qh6 48. Qf3 1-0

[Event "Women European Team Championship 2015"]
[Site "Reykjavik ISL"]
[Date "2015.11.19"]
[Round "6"]
[White "Dzagnidze, Nana"]
[Black "Sebag, Marie"]
[Result "1/2-1/2"]
[WhiteElo "2566"]
[BlackElo "2496"]
[PlyCount "77"]
[EventDate "2015.11.13"]
[WhiteTeam "Georgia"]
[BlackTeam "France"]

1. c4 c6 2. Nf3 d5 3. e3 Nf6 4. Nc3 e6 5. b3 Nbd7 6. Qc2 Bd6 7. Bb2 O-O 8. Rg1
Qe7 9. g4 Ba3 10. Bxa3 Qxa3 11. g5 Ne8 12. h4 f5 13. gxf6 Nexf6 14. Ng5 Qe7 15.
f4 e5 16. cxd5 exf4 17. dxc6 Nb6 18. O-O-O fxe3 19. Bd3 exd2+ 20. Rxd2 h6 21.
Nge4 bxc6 22. Rdg2 Rf7 23. Rg6 Nxe4 24. Bxe4 Qc5 25. Qd2 Nd5 26. Kb2 Nxc3 27.
Qd8+ Qf8 28. Qxf8+ Kxf8 29. Bxc6 Bb7 30. Bxb7 Rxb7 31. Kxc3 Rc8+ 32. Kb2 Rf7
33. R1g2 Rcc7 34. a4 Rf4 35. R2g4 Rf3 36. Rg3 Rf4 37. R3g4 Rf3 38. Rg3 Rf4 39.
R3g4 1/2-1/2

[Event "Women European Team Championship 2015"]
[Site "Reykjavik ISL"]
[Date "2015.11.19"]
[Round "6"]
[White "Skripchenko, Almira"]
[Black "Khotenashvili, Bela"]
[Result "0-1"]
[WhiteElo "2443"]
[BlackElo "2512"]
[PlyCount "98"]
[EventDate "2015.11.13"]
[BlackTeam "Georgia"]

1. e4 e5 2. Nf3 Nc6 3. Nc3 Nf6 4. d4 exd4 5. Nxd4 Bb4 6. Nxc6 bxc6 7. Bd3 O-O
8. O-O d5 9. exd5 cxd5 10. Bg5 c6 11. Qf3 Rb8 12. h3 h6 13. Bxf6 Qxf6 14. Qxf6
gxf6 15. Ne2 Bd6 16. b3 c5 17. Rad1 Be6 18. c3 Rfd8 19. Bc2 a5 20. f4 a4 21.
Kh1 axb3 22. axb3 Bc7 23. Ng3 Rb6 24. Rf3 Kf8 25. Nh5 c4 26. b4 Bc8 27. Rg3 f5
28. Re3 Re6 29. Rf3 Re2 30. Bb1 Rb2 31. Ng3 d4 32. Bxf5 d3 33. Bxc8 Rxc8 34.
Ne4 Rc2 35. b5 Rb8 36. Rb1 Rb6 37. Nc5 Rxc3 38. Nd7+ Ke7 39. Nxb6 Bxb6 40. Kh2
Rc2 41. Kg3 d2 42. Rd1 c3 43. Rff1 Rb2 44. Kf3 Ba5 45. Ke2 Rxb5 46. Kd3 Rb2 47.
g4 Ra2 48. Rg1 c2 49. Rxd2 Bxd2 0-1

[Event "Women European Team Championship 2015"]
[Site "Reykjavik ISL"]
[Date "2015.11.19"]
[Round "6"]
[White "Collas, Silvia"]
[Black "Batsiashvili, Nino"]
[Result "0-1"]
[WhiteElo "2319"]
[BlackElo "2509"]
[PlyCount "128"]
[EventDate "2015.11.13"]
[WhiteTeam "France"]
[BlackTeam "Georgia"]

1. c4 e6 2. g3 d5 3. Bg2 Nf6 4. Nf3 dxc4 5. O-O Nbd7 6. Qc2 Be7 7. Na3 c5 8.
Nxc4 Nd5 9. e4 Nb4 10. Qc3 Nf6 11. Nfe5 O-O 12. a3 Na6 13. d3 Nd7 14. Nxd7 Bxd7
15. e5 Nc7 16. Bxb7 Nd5 17. Qa5 Rb8 18. Qxd8 Bxd8 19. Nd6 Bc7 20. Ba6 Rb6 21.
Bc4 a5 22. f4 Bxd6 23. exd6 Rxd6 24. Bd2 a4 25. Rae1 Rb8 26. Bc1 g6 27. Rf2 Rb7
28. Rc2 Nb6 29. Be3 Nxc4 30. dxc4 Rc7 31. Rd2 Rxd2 32. Bxd2 f6 33. Be3 Kf7 34.
Kf2 Bc8 35. Rd1 Ke7 36. Rd2 Ba6 37. Ke1 h6 38. h4 h5 39. Kf2 Bb7 40. Ke2 e5 41.
Kf2 Be4 42. fxe5 fxe5 43. Bg5+ Ke6 44. Ke3 Bb1 45. Rf2 Bf5 46. Rd2 Rb7 47. Kf2
Be4 48. Be3 Rf7+ 49. Ke1 Rf3 50. Bxc5 Bd3 51. Rg2 Bxc4 52. g4 Kd5 53. Ba7 Rf7
54. Bg1 Rf4 55. gxh5 gxh5 56. Bf2 Re4+ 57. Kd1 Re2 58. Rh2 Rxb2 59. Bg3 Rb3 60.
Rd2+ Bd3 61. Ra2 Be2+ 62. Rxe2 Rxg3 63. Rd2+ Ke4 64. Rd8 Rd3+ 0-1

[Event "Women European Team Championship 2015"]
[Site "Reykjavik ISL"]
[Date "2015.11.20"]
[Round "7"]
[White "Kosteniuk, Alexandra"]
[Black "Lazarne Vajda, Szidonia"]
[Result "1/2-1/2"]
[WhiteElo "2534"]
[BlackElo "2358"]
[PlyCount "125"]
[EventDate "2015.11.13"]
[WhiteTeam "Russia"]
[BlackTeam "Hungary"]

1. e4 e5 2. Nf3 Nc6 3. Bb5 Nf6 4. d3 Bc5 5. Bxc6 dxc6 6. Nbd2 Nd7 7. Nc4 O-O 8.
O-O Re8 9. Bd2 Bd6 10. Bc3 f6 11. Nh4 Nc5 12. b4 Ne6 13. Nf5 Bf8 14. Rb1 Nd4
15. Nfe3 Be6 16. a3 Qd7 17. Ba1 Bf7 18. f4 exf4 19. Rxf4 b5 20. Nd2 c5 21. Nf3
Bh5 22. Qf1 Bxf3 23. gxf3 Re5 24. Rg4 a5 25. c3 Ne6 26. bxc5 Rxc5 27. f4 Rh5
28. f5 Ng5 29. Nd5 c6 30. Nf4 Rh6 31. h4 Nf7 32. d4 Re8 33. Ne6 Rxe6 34. fxe6
Qxe6 35. Qg2 Nd6 36. Kh1 Rg6 37. Rxg6 hxg6 38. c4 Nxe4 39. Re1 f5 40. d5 cxd5
41. cxb5 Qe7 42. Rc1 Qxa3 43. Bb2 Qe3 44. Qxg6 Nf2+ 45. Kg2 Qe2 46. Qxf5 Ne4+
47. Kg1 Qe3+ 48. Kg2 Qg3+ 49. Kf1 Qd3+ 50. Kg2 Qd2+ 51. Kg1 Ng3 52. Qe6+ Kh7
53. Rc8 Ne2+ 54. Kf1 Ng3+ 55. Kg1 Ne2+ 56. Kf1 Qd3 57. Qxe2 Qf5+ 58. Kg2 Qxc8
59. Qh5+ Kg8 60. Qxd5+ Kh8 61. Qh5+ Kg8 62. Qd5+ Kh8 63. Qh5+ 1/2-1/2

[Event "Women European Team Championship 2015"]
[Site "Reykjavik ISL"]
[Date "2015.11.20"]
[Round "7"]
[White "Rudolf, Anna"]
[Black "Lagno, Kateryna"]
[Result "1/2-1/2"]
[WhiteElo "2341"]
[BlackElo "2523"]
[PlyCount "64"]
[EventDate "2015.11.13"]
[WhiteTeam "Hungary"]
[BlackTeam "Russia"]

1. e4 e5 2. Nf3 Nc6 3. Nc3 Nf6 4. d4 exd4 5. Nxd4 Bb4 6. Nxc6 bxc6 7. Bd3 d5 8.
exd5 O-O 9. O-O cxd5 10. Bg5 c6 11. Qf3 Rb8 12. Rab1 Bd6 13. Rfe1 h6 14. Bxf6
Qxf6 15. Qxf6 gxf6 16. Ne2 Be5 17. b3 Be6 18. Ng3 Rfe8 19. Nf5 Bxf5 20. Bxf5
Bc3 21. Rxe8+ Rxe8 22. Kf1 c5 23. g3 a5 24. Rd1 d4 25. a4 Kg7 26. f3 Re5 27.
Bd3 Re7 28. Kf2 Re5 29. Kf1 Re7 30. Kf2 Re5 31. Kf1 Re7 32. Kf2 Re5 1/2-1/2

[Event "Women European Team Championship 2015"]
[Site "Reykjavik ISL"]
[Date "2015.11.20"]
[Round "7"]
[White "Gunina, Valentina"]
[Black "Papp, Petra"]
[Result "1-0"]
[WhiteElo "2516"]
[BlackElo "2303"]
[PlyCount "57"]
[EventDate "2015.11.13"]
[WhiteTeam "Russia"]
[BlackTeam "Hungary"]

1. d4 Nf6 2. c4 g6 3. Nc3 d5 4. cxd5 Nxd5 5. g3 Bg7 6. Bg2 Nxc3 7. bxc3 c5 8.
e3 Qa5 9. Bd2 O-O 10. Nh3 Nc6 11. f4 Qc7 12. Nf2 e6 13. h4 b6 14. h5 Bb7 15.
hxg6 fxg6 16. Qg4 Rae8 17. Ne4 cxd4 18. cxd4 e5 19. Rxh7 Nxd4 20. Rc1 Qe7 21.
Qxg6 Qf7 22. Rxg7+ Qxg7 23. Qxg7+ Kxg7 24. Rc7+ Rf7 25. Nd6 Ree7 26. Rxb7 Rxb7
27. exd4 exf4 28. Bxb7 Rd7 29. Bxf4 1-0

[Event "Women European Team Championship 2015"]
[Site "Reykjavik ISL"]
[Date "2015.11.20"]
[Round "7"]
[White "Vojinovic, Jovana"]
[Black "Dzagnidze, Nana"]
[Result "1-0"]
[WhiteElo "2295"]
[BlackElo "2566"]
[PlyCount "127"]
[EventDate "2015.11.13"]
[WhiteTeam "Serbia"]
[BlackTeam "Georgia"]

1. c4 Nf6 2. Nc3 e5 3. Nf3 Nc6 4. e3 Bb4 5. Qc2 O-O 6. Nd5 Re8 7. Ng5 g6 8. h4
Bf8 9. Be2 d6 10. Nxf6+ Qxf6 11. g4 Bg7 12. d3 b6 13. Bd2 Bb7 14. Ne4 Qd8 15.
h5 d5 16. cxd5 Ne7 17. hxg6 hxg6 18. d6 cxd6 19. Bb4 Nd5 20. Ba3 Nf6 21. Rh3
Rc8 22. Qa4 Bc6 23. Nxf6+ Bxf6 24. Qb3 Qd7 25. Qd1 Kg7 26. Qd2 Rh8 27. Rxh8
Rxh8 28. O-O-O Rh2 29. Rf1 Bg2 30. Re1 Bd5 31. Bd1 Bh4 32. Rf1 Qe6 33. b3 Qf6
34. Kb1 Bg2 35. f4 Bxf1 36. Qxh2 Bxd3+ 37. Bc2 Bxc2+ 38. Kxc2 g5 39. f5 d5 40.
Kb1 Be1 41. Qh1 Bd2 42. Qxd5 Bxe3 43. Qd7 Qh6 44. Qd5 Bd4 45. Be7 a6 46. Qa8
Kh7 47. Qd5 Qg7 48. Qh1+ Qh6 49. Qxh6+ Kxh6 50. Bf6 Kh7 51. Kc2 Ba1 52. Kd2 Kg8
53. Ke3 Kf8 54. Ke4 Bd4 55. Kd5 Bc3 56. Bxg5 Kg7 57. Bd8 Kh6 58. Bf6 b5 59.
Bxe5 Bxe5 60. Kxe5 Kg5 61. Kd6 Kxg4 62. f6 Kf5 63. Ke7 Kg6 64. b4 1-0

[Event "Women European Team Championship 2015"]
[Site "Reykjavik ISL"]
[Date "2015.11.20"]
[Round "7"]
[White "Khotenashvili, Bela"]
[Black "Chelushkina, Irina"]
[Result "1/2-1/2"]
[WhiteElo "2512"]
[BlackElo "2271"]
[PlyCount "83"]
[EventDate "2015.11.13"]
[WhiteTeam "Georgia"]
[BlackTeam "Serbia"]

1. d4 Nf6 2. c4 g6 3. Nf3 Bg7 4. g3 O-O 5. Bg2 c5 6. d5 d6 7. Nc3 Na6 8. O-O
Nc7 9. h3 a6 10. a4 Rb8 11. a5 Nd7 12. Bf4 b5 13. axb6 Nxb6 14. Qd3 a5 15. b3
Na6 16. Ra3 Nb4 17. Qd2 Bd7 18. Rc1 Qc8 19. Rxa5 Bxh3 20. e4 Bg4 21. Nh2 Bd7
22. e5 Qc7 23. Rca1 Nc8 24. Nf3 Bf5 25. Nb5 Qb6 26. Bh6 Bd7 27. Bxg7 Kxg7 28.
Nc3 Qc7 29. Ne4 Bf5 30. exd6 exd6 31. Qc3+ f6 32. Nfd2 Qe7 33. f4 h5 34. Re1
Kg8 35. Raa1 Qg7 36. Re2 Rb7 37. Rae1 Re7 38. Bf3 Na2 39. Qb2 Nb4 40. Qc3 Na2
41. Qb2 Nb4 42. Qc3 1/2-1/2

[Event "Women European Team Championship 2015"]
[Site "Reykjavik ISL"]
[Date "2015.11.20"]
[Round "7"]
[White "Muzychuk, Mariya"]
[Black "Theissl Pokorna, Regina"]
[Result "1-0"]
[WhiteElo "2542"]
[BlackElo "2355"]
[PlyCount "109"]
[EventDate "2015.11.13"]
[WhiteTeam "Ukraine"]
[BlackTeam "Austria"]

1. d4 d5 2. c4 e6 3. Nc3 Be7 4. cxd5 exd5 5. Bf4 c6 6. e3 Bd6 7. Bxd6 Qxd6 8.
Bd3 Ne7 9. Qc2 b6 10. Nf3 Ba6 11. Bxa6 Nxa6 12. a3 O-O 13. O-O Nc7 14. Rfc1 Ne6
15. b4 Rac8 16. Ne5 Rc7 17. Nd3 Rfc8 18. a4 a6 19. a5 b5 20. Nb1 Re8 21. Nd2
Nf5 22. Nb3 Ng5 23. Nbc5 Ra7 24. Ne5 g6 25. Qd1 f6 26. Ned3 Ne4 27. Ra2 Nxc5
28. Rxc5 Rc7 29. Rac2 Qd7 30. Nf4 Rec8 31. Qc1 Ne7 32. h4 Qd6 33. g3 Kf7 34.
Kg2 Rd7 35. Qd1 Rcc7 36. Qg4 Rd8 37. Rc1 Qd7 38. Qf3 Rcc8 39. Nd3 Kg7 40. R5c2
Ra8 41. Nc5 Qc8 42. g4 Ra7 43. Qf4 Re8 44. f3 Qb8 45. Re1 Kf7 46. Qh6 Rh8 47.
e4 Qf8 48. Qf4 Qc8 49. e5 f5 50. e6+ Ke8 51. Qe5 Rf8 52. Nd7 Rxd7 53. exd7+
Qxd7 54. Rce2 Rf7 55. Qh8+ 1-0

[Event "Women European Team Championship 2015"]
[Site "Reykjavik ISL"]
[Date "2015.11.20"]
[Round "7"]
[White "Exler, Veronika"]
[Black "Muzychuk, Anna"]
[Result "0-1"]
[WhiteElo "2192"]
[BlackElo "2534"]
[PlyCount "62"]
[EventDate "2015.11.13"]
[WhiteTeam "Austria"]
[BlackTeam "Ukraine"]

1. d4 Nf6 2. Nf3 g6 3. g3 c5 4. d5 b5 5. a4 b4 6. c4 bxc3 7. Nxc3 d6 8. e4 Ba6
9. Bb5+ Bxb5 10. axb5 Nbd7 11. O-O Bg7 12. Ra6 O-O 13. Qa4 Nb6 14. Qa2 Qd7 15.
Kg2 Rfb8 16. Nd2 Ne8 17. Nb3 Bxc3 18. bxc3 Qxb5 19. Nd2 Qe2 20. Rxa7 Nf6 21.
Rxa8 Rxa8 22. Qb3 Nbd7 23. Qd1 Qd3 24. Qf3 Ne5 25. Qf4 Ra4 26. c4 Nxc4 27. Nxc4
Rxc4 28. f3 Nxd5 29. Qh6 Rc2+ 30. Rf2 Rxf2+ 31. Kxf2 Nc3 0-1

[Event "Women European Team Championship 2015"]
[Site "Reykjavik ISL"]
[Date "2015.11.20"]
[Round "7"]
[White "Sebag, Marie"]
[Black "Atalik, Ekaterina"]
[Result "1/2-1/2"]
[WhiteElo "2496"]
[BlackElo "2385"]
[PlyCount "86"]
[EventDate "2015.11.13"]
[WhiteTeam "France"]
[BlackTeam "Turkey"]

1. e4 e5 2. Nf3 Nc6 3. Bb5 Nf6 4. O-O Nxe4 5. Re1 Nd6 6. Nxe5 Be7 7. Bf1 O-O 8.
d4 Nf5 9. Nf3 d5 10. c3 Bd6 11. Nbd2 Re8 12. Rxe8+ Qxe8 13. Bd3 g6 14. Nf1 Qd8
15. Bd2 b6 16. Qa4 Na5 17. Re1 Bd7 18. Qc2 c5 19. dxc5 bxc5 20. c4 Nxc4 21.
Bxc4 dxc4 22. Qxc4 Bf8 23. Bc3 Bc6 24. N1d2 Qd5 25. Qxd5 Bxd5 26. b3 a5 27. Ne4
Bg7 28. Bxg7 Kxg7 29. Nxc5 Bxf3 30. gxf3 Nh4 31. Re4 g5 32. f4 g4 33. f5 h5 34.
h3 Nf3+ 35. Kg2 Ng5 36. Rc4 gxh3+ 37. Kg3 Rd8 38. Rh4 Rd5 39. f4 Rxc5 40. fxg5
Rxf5 41. Rxh5 Kg6 42. Rxh3 Kxg5 43. Rh4 Rc5 1/2-1/2

[Event "Women European Team Championship 2015"]
[Site "Reykjavik ISL"]
[Date "2015.11.21"]
[Round "8"]
[White "Socko, Monika"]
[Black "Kosteniuk, Alexandra"]
[Result "0-1"]
[WhiteElo "2445"]
[BlackElo "2534"]
[PlyCount "96"]
[EventDate "2015.11.13"]
[WhiteTeam "Poland"]
[BlackTeam "Russia"]

1. e4 e5 2. Nf3 Nc6 3. Bb5 a6 4. Bxc6 dxc6 5. O-O Qf6 6. d4 exd4 7. Bg5 Qd6 8.
Nxd4 Be7 9. Bxe7 Nxe7 10. Nc3 Bd7 11. Nb3 Qxd1 12. Raxd1 b6 13. Nd4 c5 14. Nde2
O-O-O 15. Rd2 Bc6 16. Rfd1 f5 17. f3 Rxd2 18. Rxd2 fxe4 19. fxe4 Re8 20. Nf4
Ng8 21. Re2 Re5 22. Nd3 Re8 23. Nf4 Re5 24. Nd3 Re8 25. Kf2 Nf6 26. e5 Ng4+ 27.
Kg3 Bd7 28. Re4 Nh6 29. Nf4 Nf5+ 30. Kf2 Nd4 31. Nh5 Bc6 32. Rf4 Rxe5 33. g4 g6
34. Rf8+ Kb7 35. Nf6 h5 36. Rg8 hxg4 37. Rxg6 Re6 38. Kg3 b5 39. Kxg4 b4 40. h4
bxc3 41. bxc3 Be4 42. Nxe4 Rxg6+ 43. Kh5 Rc6 44. cxd4 cxd4 45. Kg4 Rxc2 46. a3
Kc6 47. h5 Rh2 48. Ng5 d3 0-1

[Event "Women European Team Championship 2015"]
[Site "Reykjavik ISL"]
[Date "2015.11.21"]
[Round "8"]
[White "Lagno, Kateryna"]
[Black "Zawadzka, Jolanta"]
[Result "1/2-1/2"]
[WhiteElo "2523"]
[BlackElo "2439"]
[PlyCount "104"]
[EventDate "2015.11.13"]
[WhiteTeam "Russia"]
[BlackTeam "Poland"]

1. e4 c5 2. Nf3 d6 3. d4 cxd4 4. Nxd4 Nf6 5. Nc3 a6 6. g3 e5 7. Nde2 Be7 8. Bg2
O-O 9. O-O Nbd7 10. a4 b6 11. Nd5 Nxd5 12. Qxd5 Rb8 13. Nc3 Bb7 14. Qd3 Qc7 15.
Be3 Nf6 16. Rad1 Rfc8 17. Bg5 Ne8 18. Bxe7 Qxe7 19. Rd2 b5 20. axb5 axb5 21.
Nxb5 Ba6 22. c4 Bxb5 23. cxb5 Rc5 24. Qa3 Qc7 25. b4 Rcxb5 26. Rb1 Nf6 27. Rdb2
Qb7 28. Qd3 Rb6 29. b5 Nd7 30. Qe3 Nc5 31. h4 g6 32. h5 Qd7 33. Qe2 Kg7 34. Bf1
Qb7 35. Rb4 Ne6 36. Qe3 Qe7 37. h6+ Kf8 38. Rc1 Nd4 39. Rbc4 Qe6 40. Rc7 R6b7
41. b6 g5 42. Ba6 Rxb6 43. Rc8+ Rxc8 44. Rxc8+ Qxc8 45. Bxc8 Rb3 46. Qxb3 Nxb3
47. Kg2 Nd4 48. Kh3 f6 49. Bg4 Nc6 50. Bf5 Kg8 51. Be6+ Kf8 52. Bf5 Kg8 1/2-1/2

[Event "Women European Team Championship 2015"]
[Site "Reykjavik ISL"]
[Date "2015.11.21"]
[Round "8"]
[White "Szczepkowska-Horowska, Karina"]
[Black "Gunina, Valentina"]
[Result "1-0"]
[WhiteElo "2392"]
[BlackElo "2516"]
[PlyCount "87"]
[EventDate "2015.11.13"]
[WhiteTeam "Poland"]
[BlackTeam "Russia"]

1. e4 c6 2. d4 d5 3. exd5 cxd5 4. Bd3 Nc6 5. c3 g6 6. h3 Bg7 7. Nf3 Nh6 8. O-O
O-O 9. Re1 Nf5 10. Bf4 a6 11. Nbd2 Re8 12. Bh2 f6 13. c4 dxc4 14. Bxc4+ e6 15.
Nb3 b5 16. Bf1 Bf8 17. g4 Nfe7 18. Bg2 Nd5 19. Rc1 Na5 20. Nxa5 Qxa5 21. Ng5
Qxa2 22. Ra1 Qc4 23. Rc1 Qa2 24. b3 Bb7 25. Nxe6 Rac8 26. Nc7 Nxc7 27. Bxb7
Rxe1+ 28. Qxe1 Re8 29. Qc3 Ne6 30. Re1 Kg7 31. d5 Bc5 32. Bg3 Bd4 33. Qb4 Ng5
34. Rxe8 Bxf2+ 35. Kf1 Qb1+ 36. Kxf2 Nxh3+ 37. Ke2 Qc2+ 38. Kf1 Qd1+ 39. Qe1
Qf3+ 40. Bf2 Nf4 41. d6 Qh3+ 42. Kg1 Qxg4+ 43. Bg3 Nh5 44. Re3 1-0

[Event "Women European Team Championship 2015"]
[Site "Reykjavik ISL"]
[Date "2015.11.21"]
[Round "8"]
[White "Khotenashvili, Bela"]
[Black "Lazarne Vajda, Szidonia"]
[Result "1-0"]
[WhiteElo "2512"]
[BlackElo "2358"]
[PlyCount "119"]
[EventDate "2015.11.13"]
[WhiteTeam "Georgia"]
[BlackTeam "Hungary"]

1. d4 d5 2. c4 e6 3. Nc3 c5 4. cxd5 exd5 5. Nf3 Nc6 6. dxc5 d4 7. Na4 Bxc5 8.
Nxc5 Qa5+ 9. Qd2 Qxc5 10. a3 Bg4 11. b4 Qd5 12. b5 Qxb5 13. Nxd4 Nxd4 14. Qxd4
Nf6 15. e4 Qc6 16. Qe5+ Kf8 17. Be3 Re8 18. Qc5+ Qxc5 19. Bxc5+ Kg8 20. f3 b6
21. Be3 Be6 22. Rc1 Rc8 23. Rxc8+ Bxc8 24. Kf2 Kf8 25. Bc4 Ke7 26. e5 Nd7 27.
Bg5+ f6 28. exf6+ gxf6 29. Bf4 Nc5 30. Be3 Rd8 31. g4 Nd3+ 32. Kg3 Be6 33. Ba6
Nc5 34. Be2 Nb3 35. Rd1 Rc8 36. Bf2 Nc1 37. Bf1 Rc2 38. Rd4 Ne2+ 39. Bxe2 Rxe2
40. Ra4 Bd7 41. Rxa7 b5 42. Bc5+ Ke8 43. h4 Rc2 44. Bd4 f5 45. g5 Rc4 46. Be5
Ra4 47. Rb7 Rxa3 48. Rb8+ Kf7 49. Rh8 Bc6 50. Rxh7+ Kg8 51. Rh8+ Kf7 52. h5
Rxf3+ 53. Kh4 Ke6 54. Bh2 Bd5 55. g6 Kf6 56. Rf8+ Kg7 57. Rd8 Re3 58. Kg5 Bg8
59. h6+ Kh8 60. h7 1-0

[Event "Women European Team Championship 2015"]
[Site "Reykjavik ISL"]
[Date "2015.11.21"]
[Round "8"]
[White "Batsiashvili, Nino"]
[Black "Rudolf, Anna"]
[Result "1/2-1/2"]
[WhiteElo "2509"]
[BlackElo "2341"]
[PlyCount "85"]
[EventDate "2015.11.13"]
[WhiteTeam "Georgia"]
[BlackTeam "Hungary"]

1. d4 d5 2. c4 e6 3. Nf3 Nf6 4. g3 Be7 5. Bg2 O-O 6. O-O dxc4 7. Qc2 a6 8. a4
Bd7 9. Qxc4 Bc6 10. Bg5 Bd5 11. Qc2 Be4 12. Qc1 h6 13. Bxf6 Bxf6 14. Nc3 Bxf3
15. Bxf3 c6 16. e3 a5 17. Rd1 Na6 18. Qc2 Nb4 19. Qe2 Qe7 20. Ne4 Rfd8 21. Rd2
e5 22. Nxf6+ Qxf6 23. dxe5 Qxe5 24. Rad1 Rxd2 25. Rxd2 Re8 26. h4 Re6 27. Qd1
g6 28. Rd8+ Kg7 29. h5 gxh5 30. Bxh5 Nd5 31. Qg4+ Qg5 32. Qd4+ Qf6 33. Qg4+ Qg5
34. Qxg5+ hxg5 35. Ra8 b6 36. Bf3 Nf6 37. Rb8 c5 38. b3 Rd6 39. Rb7 Nd7 40. Be2
Kg6 41. Kf1 f5 42. Bb5 Nf6 43. Ke1 1/2-1/2

[Event "Women European Team Championship 2015"]
[Site "Reykjavik ISL"]
[Date "2015.11.21"]
[Round "8"]
[White "Sebag, Marie"]
[Black "Muzychuk, Mariya"]
[Result "0-1"]
[WhiteElo "2496"]
[BlackElo "2542"]
[PlyCount "78"]
[EventDate "2015.11.13"]
[WhiteTeam "France"]
[BlackTeam "Ukraine"]

1. e4 e5 2. Nf3 Nc6 3. Bb5 a6 4. Ba4 Nf6 5. O-O Nxe4 6. d4 b5 7. Bb3 d5 8. dxe5
Be6 9. c3 Be7 10. Nbd2 O-O 11. Bc2 f5 12. Nb3 Qd7 13. Nbd4 Nxd4 14. Nxd4 c5 15.
Nxe6 Qxe6 16. f3 Ng5 17. a4 Rad8 18. Bxg5 Bxg5 19. f4 Be7 20. axb5 axb5 21. Kh1
d4 22. cxd4 c4 23. b3 Bc5 24. bxc4 Rxd4 25. Qb1 bxc4 26. Ra5 Qc6 27. Bd1 Qc7
28. Qb5 Bb6 29. Ra6 Rb8 30. Bf3 c3 31. Rc1 Kh8 32. Ra8 Rxa8 33. Bxa8 Rd8 34.
Bf3 Be3 35. Rc2 Bxf4 36. e6 Rb8 37. Qd5 Rb1+ 38. Bd1 h6 39. Qd3 Qd6 0-1

[Event "Women European Team Championship 2015"]
[Site "Reykjavik ISL"]
[Date "2015.11.22"]
[Round "9"]
[White "Kosteniuk, Alexandra"]
[Black "Paehtz, Elisabeth"]
[Result "1/2-1/2"]
[WhiteElo "2534"]
[BlackElo "2462"]
[PlyCount "42"]
[EventDate "2015.11.13"]
[WhiteTeam "Russia"]
[BlackTeam "Germany"]

1. e4 c6 2. Nc3 d5 3. Nf3 Bg4 4. Be2 e6 5. d4 Nf6 6. h3 Bh5 7. e5 Nfd7 8. g4
Bg6 9. h4 h5 10. gxh5 Bf5 11. Ng5 c5 12. Bg4 cxd4 13. Bxf5 dxc3 14. Nxf7 Kxf7
15. Bxe6+ Kxe6 16. Qg4+ Kf7 17. Qg6+ Kg8 18. Qe6+ Kh7 19. Qg6+ Kg8 20. Qe6+ Kh7
21. Qg6+ Kg8 1/2-1/2

[Event "Women European Team Championship 2015"]
[Site "Reykjavik ISL"]
[Date "2015.11.22"]
[Round "9"]
[White "Osmanodja, Filiz"]
[Black "Lagno, Kateryna"]
[Result "1/2-1/2"]
[WhiteElo "2291"]
[BlackElo "2523"]
[PlyCount "90"]
[EventDate "2015.11.13"]
[WhiteTeam "Germany"]
[BlackTeam "Russia"]

1. e4 e5 2. Nf3 Nc6 3. Bb5 a6 4. Ba4 Nf6 5. O-O b5 6. Bb3 Bc5 7. c3 d6 8. a4
Rb8 9. d4 Bb6 10. a5 Ba7 11. h3 O-O 12. Be3 Ra8 13. Nbd2 h6 14. Re1 Re8 15. d5
Ne7 16. c4 c6 17. Bxa7 Rxa7 18. Nb1 bxc4 19. Bxc4 cxd5 20. exd5 Rc7 21. b3 Rc5
22. Nc3 Rxa5 23. Rc1 Rc5 24. Nd2 Bb7 25. Nde4 Nxe4 26. Nxe4 Rc7 27. Qd2 Nf5 28.
Qb4 Rd7 29. Ra1 Nd4 30. Ra2 Qe7 31. Nc3 Qg5 32. Kh1 Rc8 33. Ne4 Qg6 34. Rd2 f5
35. Nc3 Qg5 36. Red1 Qf4 37. Ne2 Nxe2 38. Rxe2 Kh8 39. Qb6 Rc5 40. Red2 Kh7 41.
Bxa6 Rc1 42. Bf1 e4 43. Qd4 Rdc7 44. Bc4 Rxd1+ 45. Rxd1 Qg5 1/2-1/2

[Event "Women European Team Championship 2015"]
[Site "Reykjavik ISL"]
[Date "2015.11.22"]
[Round "9"]
[White "Khotenashvili, Bela"]
[Black "Theissl Pokorna, Regina"]
[Result "1/2-1/2"]
[WhiteElo "2512"]
[BlackElo "2355"]
[PlyCount "117"]
[EventDate "2015.11.13"]
[WhiteTeam "Georgia"]
[BlackTeam "Austria"]

1. Nf3 d5 2. g3 Nf6 3. Bg2 e6 4. O-O c5 5. d3 g6 6. c4 Bg7 7. cxd5 Nxd5 8. Qc2
Nd7 9. a3 O-O 10. e4 Ne7 11. Bg5 h6 12. Be3 Nc6 13. Rc1 b6 14. Qd2 Na5 15. Qc2
Bb7 16. Nbd2 Rc8 17. Rab1 Nc6 18. Nc4 Qe7 19. Qd2 Kh7 20. h4 Ba8 21. h5 g5 22.
b3 Rfd8 23. Qe2 b5 24. Ncd2 Nd4 25. Qf1 Nf6 26. b4 g4 27. Nh2 e5 28. Bxd4 exd4
29. Qd1 c4 30. Nxg4 cxd3 31. Nxf6+ Qxf6 32. Rc5 Rxc5 33. bxc5 Bc6 34. Bf1 Qe5
35. Bxd3 Qxc5 36. Rc1 Qb6 37. Qg4 Bd7 38. e5+ Kg8 39. Qe4 Be6 40. Nf3 Qb8 41.
Rc5 b4 42. axb4 Qxb4 43. Rc7 Qa5 44. Rc1 Qd5 45. Qf4 Rc8 46. Re1 Rd8 47. Nh4
Qa5 48. Qe4 Rd5 49. Rb1 Rd8 50. Rb5 Qa1+ 51. Rb1 Qa5 52. Re1 Bd5 53. Qh7+ Kf8
54. Rb1 Ba8 55. e6 Qd5 56. e7+ Kxe7 57. Kh2 Kf8 58. Ra1 a5 59. Qf5 1/2-1/2

[Event "Women European Team Championship 2015"]
[Site "Reykjavik ISL"]
[Date "2015.11.22"]
[Round "9"]
[White "Batsiashvili, Nino"]
[Black "Exler, Veronika"]
[Result "1/2-1/2"]
[WhiteElo "2509"]
[BlackElo "2192"]
[PlyCount "110"]
[EventDate "2015.11.13"]
[WhiteTeam "Georgia"]
[BlackTeam "Austria"]

1. d4 d5 2. c4 e6 3. Nf3 Nf6 4. Nc3 Bb4 5. cxd5 exd5 6. Bg5 Nbd7 7. e3 c5 8.
Bd3 Qa5 9. Qc2 c4 10. Bf5 O-O 11. O-O Re8 12. Nd2 g6 13. Bh3 Kg7 14. Rfb1 Nb6
15. Bxc8 Raxc8 16. Bxf6+ Kxf6 17. a3 Bf8 18. e4 dxe4 19. Ndxe4+ Kg7 20. Qd2 Qf5
21. Re1 Nd5 22. Nxd5 Qxd5 23. Nc3 Qf5 24. Re3 Bd6 25. Qe2 Re6 26. Re1 Qf4 27.
g3 Qxd4 28. Rxe6 fxe6 29. Qf3 Rf8 30. Qxb7+ Rf7 31. Qg2 Bxa3 32. bxa3 Qxc3 33.
Qe4 Qf3 34. Qxf3 Rxf3 35. Rxe6 Rxa3 36. Rc6 c3 37. Kf1 Kh6 38. h4 Kh5 39. Rc5+
Kh6 40. Ke2 Ra2+ 41. Ke3 c2 42. Rc7 g5 43. hxg5+ Kxg5 44. f4+ Kf5 45. Rc5+ Kg4
46. Rg5+ Kh3 47. Kd2 h5 48. f5 a5 49. f6 c1=Q+ 50. Kxc1 Rf2 51. Rg6 a4 52. Kb1
a3 53. Ka1 a2 54. Rg5 Rxf6 55. Rxh5+ Kxg3 1/2-1/2